=LDR 00000nam 2200000 4500 =001 INLIS000000000809877 =005 20250903090702 =035 ##$$a 0010-0925000002 =007 ta =008 250903###########################0###### =020 ##$$a 978-979-035-018-2 =082 ##$$a 300 =084 ##$$a 371.1 LAV m =245 ##$$a Model model pembelajaran inovatif /$c Lavyanto Trimo =260 ##$:$b Bandung : CV Chyyas Chyyas Putra., 2006 =990 ##$$a 00000001612